| 000 | 00545nam a2200193Ia 4500 | ||
|---|---|---|---|
| 003 | GCL | ||
| 008 | 140319s9999 xx 000 0 ara d | ||
| 040 |
_aGCL / _cGCL |
||
| 082 | 0 | 4 |
_a416 _bى ق |
| 100 | 1 | _aمحمد الولى (مترجم) | |
| 245 | 1 | 0 |
_aقضايا الشعرية / _cمحمد الولى (مترجم) |
| 700 | 1 | _aمبارك حنوز | |
| 700 | 1 | _aياكبسون، رومان | |
| 260 |
_a[S.N] : _bدار توبقال للنشر ، _c1984 |
||
| 300 | _a111 ص | ||
| 490 | _a | ||
| 650 | 0 | 4 | _aالشعر |
| 942 |
_2ddc _cBK |
||
| 999 |
_c31539 _d31539 |
||